Statistics for Most Important Dead Dudes in History and Stuff

Click here to take the quiz!

General Stats

  • This quiz has been taken 141 times
    (131 since last reset)
  • The average score is 38 of 100

Answer Stats

RankDudeYeah, him% Correct
2.Napoleon BonepartShort, angry French military man
89%
4.William ShakespeareEnglishman who rocked a pair of tights and wrote a bunch of plays
84%
9.Alexander the GreatShort, blond, great Macedonian with a huge backyard
81%
5.Abraham LincolnBeardy American prez who looks a bit like Daniel Day Lewis
78%
7.Adolf HitlerPower-hungry Austrian wacko who didn't have many friends
78%
6.George WashingtonThe dollar bill guy. His head is shaped like a mushroom
78%
21.Isaac NewtonBrit who spent a lot of time sitting under apple trees
76%
27.Ludwig van BeethovenDeaf German man of music; looked grumpy
75%
13.Queen Elizabeth IQueenie. The most famous ginger virgin in history
75%
15.Julius CaesarRoman emperor. Thought Brutus was his friend. Thought wrong.
74%
17.Martin LutherThis German monk thought the church was full of crap and told them so
73%
25.PlatoAnother smart Greek guy...
72%
24.Wolfgang Amadeus MozartTalented, smart-mouthed, childish Austrian composer
70%
35.Benjamin FranklinHundred dollar bill guy. Invented stuff
69%
20.Christopher ColumbusDied believing he had sailed west to India
69%
1.Jesus ChristHippie dude from a broken home who was a really nice guy to everyone
69%
11.Henry VIII of EnglandFat, ginger English king; fan of divorce and beheadings
68%
10.Thomas JeffersonWrote some kind of Declaration in the 1770s
68%
37.Winston ChurchillRolly-polly, cigar smoking British leader guy
68%
8.AristotleSmart Greek dude who pointed a lot
67%
19.Albert EinsteinGerman mad scientist, looked like Doc Brown
66%
16.Queen VictoriaThis dumpy queen was never amused
66%
12Charles DarwinNature-boy, not a believer of silly origin stories about apples and snakes
64%
29.Leonardo da VinciHomosexual Italian sculpty-painty-inventy-Codey guy
64%
32.Ronald ReaganCrusty American actor president
63%
38.Genghis KhanAngry, blood-thirsty, rapey and pillagey Mongolian rampager
59%
30.AugustusRoman emperor who wanted his own month
58%
23.Theodore RooseveltTeddy bear president
58%
26.Louis XIV of FranceKing of France and the Sun and of tights and wigs
56%
68.SocratesBeardy Greek corrupter of youth. Threw wild poison drinking parties
56%
36.George W. BushElection-stealing, dopey Texan
55%
48.Johann Sebastian BachGerman composer who Baroque a bunch of stuff
52%
18.Joseph StalinTerrifying Georgian with funky moustache who hated everyone
51%
49.Galileo GalileiStar-gazing Italian with the best name ever
50%
14.Karl MarxNot related to Groucho. Had an impressive beard
49%
43.Franklin D. RooseveltFDR: American Badass
48%
71.John F. KennedyCommie-loving president who should have skipped Dallas that day
48%
3.MuhammadIslamic dude who prayed a lot
47%
46.Mohandas GandhiPeaceful, Indian nappy wearer
44%
61.John AdamsBald-ish, goody-good American president number 2
42%
33.Charles DickensBritish author of really cheerful stories of happier times
41%
60.James CookEnglish explorer. The Hawaiians didn't like him much
39%
45.Alexander HamiltonAmerican whose ass was handed to him in a duel
38%
28.Ulysses S. GrantFifty dollar bill American president
36%
39.Charles I of EnglandEnglish king........ of his own beheading
35%
57.David, King of IsraelBiblical king, not a fan of philistines
35%
41.James I of EnglandScottish king.......of England
35%
52.Gautama BuddhaFat, happy statue guy
34%
34.Paul the ApostleOne of the hippy guy's thirteen friends
34%
44.Sigmund FreudAustrian head shrinker; liked Oedipus
33%
40.Thomas EdisonHistory greatest inventor and thief
33%
73.Vincent van GoghDutch painter who didn't like his ear
33%
83.Louis XVI of FranceFrenchie who could not keep being king without a head
32%
53.Mark TwainAmerican writer who gave us Tom and Huck
32%
58.George III of the United KingdomGerman king of England who went cuckoo
31%
55.Joseph Smith, Jr.Made his own religion so he could have more wives
31%
82.Richard NixonThe most non-crookest man in America
31%
70.William the ConquerorBusted him some goddam Saxon arse to become king of Britain
31%
47.Woodrow WilsonSpecky American wartime leader. Had a few points to make. No-one listened
31%
56.Adam SmithScottish money-man with the most boring of names
30%
22.CharlemagneItalian king-emperor of France, didn't like Muslims much
28%
69.Elvis PresleyClean-cut, all-American hip-thrusting rocker
27%
94.Harry S. TrumanAmerican president. Nuked the bastards
27%
51.James MadisonAmerican president. Went shopping. Bought Louisiana
25%
74.Nicolaus CopernicusHeliocentric German star-gazer. Made him some powerful enemies.
25%
62.Richard WagnerWrote opera about fat Viking women
25%
66.Andrew JacksonAmerican president no-one outside of America really cares about
24%
86.MichelangeloItalian artist, fond of ceilings and naked guys called David
24%
75.Vladimir LeninRussian rabble rouser with history's trendiest goatee
24%
67.Constantine the GreatRoman emperor with his very own Turkish city
23%
54.Edgar Allan PoeThe first Goth. Wrote about talking birds and beating hearts
22%
42.Friedrich NietzscheGerman thinker who killed God
20%
64.VoltaireChurch-bashing, freedom-loving smarmy French writer
20%
95.Joan of ArcGod-bothering French chick with a sword
19%
76.Robert E. LeePicked the wrong team to lead in the US Civil war
18%
93.Nikola TeslaSerbian inventor and mad scientist
17%
77.Oscar WildeWitty and wilde Irish writer who liked him the dudes
17%
92.René DescartesFrench guy who thought and therefore he was
17%
63.Pyotr Ilyich TchaikovskyRussian composer who thought cannons should be an instrument
16%
50.Oliver CromwellWarty British party pooper
15%
59.Immanuel KantGerman guy who thought too much and probably never went to the opera
14%
96.Dante AlighieriItalian funny-man who strolled through Hell just for a laugh
13%
89.AliIslamic dude, wanted his own religion too, maybe to make up for his boring name
11%
81.Francis BaconEnglish scientist. Enjoyed ruffs, hats and pointy beards. Went well with eggs
11%
80.Jean-Jacques RousseauFrench thinky-type and fan of revolutions
11%
100.Johann GutenbergGerman whose machine prevented writer's cramp
11%
31.Carl LinnaeusSwedish nature-boy, wrote about plants and animals
10%
97.Otto von BismarckPrussian Warmonger who made a country called Germany coz he could so there
9%
87.Philip II of SpainSpanish king who lost all his toy boats to a girl
9%
79.CiceroLawyer emperor of Rome; thought Mark Antony was a dick
8%
85.King ArthurNot a real king. Liked round furniture
8%
99.John CalvinMade his own religion to piss off the pope
7%
91.Pope John Paul IIPopular Polish catholic
7%
72.Augustine of HippoDoomed humanity by inventing the Catholic Church
5%
78.Charles II of EnglandEnglish king; 17 illegitimate children; Penchant for massive wigs
3%
98.Grover ClevelandAmerican president who shares his name with a Muppet
3%
84.Charles V, Holy Roman EmperorEmperor who wanted to be a monk instead
2%
65.Saint PeterWas actually a rabbit, according to South Park
2%
90.Thomas AquinasGod-botherer, loved being a priest, probably a real boring guy
2%
88.Johann von GoetheGerman raconteur and Sorcerer's Apprentice
0%

Score Distribution

Percentile by Number Answered

Percent of People with Each Score

Your Score History

You have not taken this quiz since the last reset